The Thirteenth Tale Quiz Stats

Quiz not verified by Sporcle

Challenge
Share
Tweet
Embed
Score 0/20 Timer 05:00
0 Plays Today
Miss Winters was a ______ Writer % Correct
Charlie is Isabelle's ______Brother
72.2%
Isabelle had ____ childrenTwo
72.2%
There were ______ red-headed girlsThree
66.7%
One of Isabelle's daughters ______Adeline
66.7%
The twins had ______ hairRed
61.1%
John-the dig was a ______Gardener
50%
Isabelle's other daughter _______Emmeline
50%
______ was the twins nannyHester
44.4%
Missus took the ____ to George Angelfeild to get him out of his depressionBaby
44.4%
______ is the narrator of this bookMargret Lee
38.9%
Miss Winters was a ______ Writer % Correct
Miss. Winters is ______ DaughterCharlie's
38.9%
Missus and _______ took care of the girlsJohn the Dig
33.3%
Margret grew up in a ________bookshop
27.8%
______ is Miss.Winters house keeperJudith
27.8%
Miss. Winters first name is ______Vita
22.2%
Isabelle _____ painEnjoyed
22.2%
______ is the families last nameAngelfeild
22.2%
Stone _____ are outside the Angelfeild mansionLions
22.2%
______ made Margret chocolate cakeAurelius
22.2%
Miss. Winters was treated by _______Dr. Clifton
22.2%

You're not logged in!

Compare scores with friends on all Sporcle quizzes.
Join for Free
OR
Log In

You Might Also Like...

Show Comments

Extras

Created Jan 2, 2011ReportNominate
Tags:tale, winter, writer

Top Quizzes Today


Score Distribution

Your Account Isn't Verified!

In order to create a playlist on Sporcle, you need to verify the email address you used during registration. Go to your Sporcle Settings to finish the process.

Report this User

Report this user for behavior that violates our Community Guidelines.

Details: